[Event "FSGM December"]
[Site "Budapest"]
[Date "2003.12.07"]
[Round "2"]
[White "Taylor, Timothy"]
[Black "Miton, Kamil"]
[Result "1/2-1/2"]
[WhiteElo "2385"]
[BlackElo "2530"]
[PlyCount "137"]
[EventDate "2003.12.06"]
[Source "Roberto Alvarez"]
[SourceDate "2003.12.22"]

1. d4 f5 2. Bg5 c6 3. e3 Qb6 4. Nd2 Qxb2 5. Bd3 d5 6. Ngf3 g6 7. O-O Bg7 8. c4 Qa3 9. Nb3 e6 10. c5 b6 11. Bf4 Nd7 12. Rc1 Ne7 13. Bd6 Ba6 14. Ng5 Bxd3 15. Qxd3 Bf6 16. Nxe6 Kf7 17. Nf4 Nc8 18. Bc7 Qa4 19. Rc2 Re8 20. Rfc1 Ne7 21. Bd6 b5 22. h3 Bg7 23. g4 fxg4 24. hxg4 Nf6 25. f3 g5 26. Nh3 h6 27. e4 dxe4 28. fxe4 Kg8 29. Rf1 Qa6 30. Rcf2 Nh7 31. Rf7 Ng6 32. e5 Nhf8 33. Nd2 Qxa2 34. Ne4 Nh4 35. R7f2 Qe6 36. Kh2 Qd5 37. Bxf8 Bxe5+ 38. Ng3 Rxf8 39. Rxf8+ Rxf8 40. Rxf8+ Kxf8 41. Qf1+ Kg8 42. dxe5 Nf3+ 43. Kh1 Nxe5+ 44. Qg2 Qxg2+ 45. Kxg2 b4 46. Nf2 a5 47. Nge4 a4 48. Nd2 b3 49. Nd1 Nd3 50. Kf3 Nxc5 51. Nc4 Kf7 52. Ke3 Ke6 53. Kd4 Nd7 54. Ndb2 c5+ 55. Kc3 Nf6 56. Nxa4 Kd5 57. Kxb3 Nxg4 58. Nd2 Ne5 59. Kc2 h5 60. Kd1 g4 61. Nc3+ Kd4 62. Ne2+ Ke3 63. Ng3 Nf3 64. Nxf3 gxf3 65. Nxh5 f2 66. Ng3 Kf3 67. Nf1 c4 68. Kd2 Kg2 69. Ne3+ 1/2-1/2

[Event "Chigorin Mem Open, St Petersburg RUS"]
[Site "?"]
[Date "2001.??.??"]
[Round "6"]
[White "Kharitonov, Alexa"]
[Black "Rychagov, A."]
[Result "1/2-1/2"]
[WhiteElo "2405"]
[BlackElo "2510"]
[PlyCount "70"]
[EventDate "2001.??.??"]
[Source "www.chesslib.no"]
[SourceDate "2004.05.04"]

1. d4 f5 2. Bg5 h6 3. Bh4 g5 4. e4 Nf6 5. e5 e6 6. exf6 Qxf6 7. Bg3 f4 8. Qh5+ Qf7 9. Qxf7+ Kxf7 10. Bxf4 gxf4 11. Nf3 Bg7 12. Nc3 Rf8 13. O-O-O d5 14. Bd3 Nc6 15. Ne2 Kg8 16. Bb5 Ne7 17. Rhe1 a6 18. Bd3 Bd7 19. Neg1 Rac8 20. Ne5 Bxe5 21. Rxe5 Nc6 22. Rh5 Rf6 23. Nf3 Kh8 24. c3 Rg8 25. Bf1 Ne7 26. Ne5 Be8 27. Rh4 Rg5 28. g3 fxg3 29. fxg3 Kg7 30. Bd3 Ng6 31. Bxg6 Bxg6 32. Rf4 Rxf4 33. gxf4 Rg2 34. Rd2 Rg1+ 35. Rd1 Rg2 1/2-1/2